| 000 | 01341cab a2200229 4500 | ||
|---|---|---|---|
| 001 | ##L134949 | ||
| 008 | 060912n2006 000 0 eng u | ||
| 035 | _a(Sirsi) u134949 | ||
| 041 | 0 | _aeng | |
| 100 | 1 | _aCarey, Steven | |
| 245 | 0 | 0 | _aWhat's yours is yours |
| 260 | _c2006 | ||
| 490 | 0 |
_aBuilding _v271(8446) 8 September 2006, 68(1) |
|
| 520 | _aDiscusses what happens to subcontractor's goods and materials when a contractor goes bust. Under many standard forms of contract and common law, the subcontractor's goods and materials will pass to the employer/landowner. However, "J A Pye (Oxford) Ltd and another v United Kingdom" ([2005] ECHR 44302/02, L131742) found that deprivation of an individual's property without compensation was not proportional. Argues that a subcontractor's loss of ownership of the goods and materials incorporated into the works amounts to a deprivation of that property under the First Protocol of the European Convention on Human Rights. | ||
| 590 | _aIKA190906 | ||
| 650 | 2 | 4 | _aPYE (OXFORD) LTD & ANOR V UNITED KINGDOM |
| 650 | 2 | 4 | _aCONVENTION FOR THE PROTECTION OF HUMAN RIGHTS AND FUNDAMENTAL FREEDOMS FIRST PROTOCOL ART 1 |
| 650 | 2 | 4 | _aHUMAN RIGHTS ACT 1998 |
| 651 | 4 |
_aUnited Kingdom _y |
|
| 690 | _aBUILT ENVIRONMENT-CONSTRUCTION MANAGEMENT-BUILDING CONTRACT ADMINISTRATION | ||
| 942 | _n0 | ||
| 999 |
_c77725 _d77725 |
||